000 00719nam a2200229Ia 4500
003 GCL
008 140319s9999 xx 000 0 ara d
040 _aGCL /
_cGCL
082 0 4 _aق
_b962.43
_bم ض
100 1 _aمحزون
245 1 0 _aضاحيا مصر فى السودان وخفايا السياسة الانجليزية /
_cمحزون
300 _a106
490 _aكتاب
_v0
650 0 4 _aمصر
650 0 4 _aتاريخ
650 0 4 _aالسودان
650 0 4 _aالاحتلال البريطانى
650 0 4 _aمصر - تاريخ
650 0 4 _aمصر - تاريخ - العصر الحديث (1805 - 1956 )
650 0 4 _aالسودان - الاستعمارالبريطانى
942 _2ddc
_cBK
999 _c42322
_d42322